000 nam a22 7a 4500
999 _c126871
_d126871
008 170904b xxu||||| |||| 00| 0 eng d
050 _aCB417.S74 2017
100 _aStrath, Bo
_935533
245 _aEuropean modernity
_bA global approach
_c/ Bo Strath
260 _aBloomsbury
_bBloomsbury Academic
_c2017
300 _aix, 248p. ;
_c24cm.
440 _aEurope's legacy in the modern world
_935534
650 _aSocial change
_xEurope
_xHistoriagraphy
_935535
650 _aHistory, Modern
_xHistoriagraphy
_y19th century
_935536
650 _aHistory, Modern
_x20th century
_xHistoriagraphy
_935537
650 _aCivilisation, Modern
_xEuropean influence
_xHistoriagraphy
_935538
700 _aWagner, Peter
_935539
942 _2lcc
_cMONOGRAPH